Zgadnij zadymiarza z Brawl Stars - Statystyki

Ogólne statystyki
  • Ten quiz został rozwiązany 160 razy
  • Średni wynik to 6 z 7
Statystyki odpowiedzi
Podpowiedzi Odpowiedzi % Poprawnych
2. Ma lizaka w buzi i młodszą siostrę Leon
97%
1. Pochodzi z Egiptu i śpi Sandy
97%
7. Jest najgrubszą zadymiarką na świecie i jest mamą Jessie Pam
95%
6. Jest beczką na statku pirackim Darryl
92%
3. Jest niebieskim koszem na śmieci Ash
89%
5. Ma najrzadszego skina w grze ( nie shelly) Colt
75%
4. Pochodzi z Rosji i jest na literę G Grom
74%
Nie znaleziono quizów pasujących do podanych kryteriów
Rozkład punktacji
Procent ludzi z każdym wynikiem
Percentyl według liczby udzielonych odpowiedzi
Twoja historia wyników
Nie rozwiązałeś tego quizu